Mario Odyssey Characters by Picture - Statistics

General Stats
  • This quiz has been taken 121 times
  • The average score is 8 of 12
Answer Stats
Picture Answer % Correct
Mario
98%
Peach
97%
Luigi
95%
Cappy
90%
Captain Toad
73%
Bowser
64%
Tiara
60%
Donkey Kong (2D)
58%
Pauline
55%
Toadette
55%
Uncle Amiibo
43%
Hint Toad
25%
No matching quizzes found
Score Distribution
Percent of People with Each Score
Percentile by Number Answered
Your Score History
You have not taken this quiz